000
00304nam a22001457a 4500
008
210303b ||||| |||| 00| 0 eng d
020
_a
9781305042476
041
_a
eng
080
_2
2nd
_a
004
082
_a
004
100
_a
28
101
_a
SHKI
245
_a
CMPTR 2
_c
Pinard, K.T
942
_2
udc
_c
BK
999
_c
55568
_d
55568